MARC

LEADER 00000nam0a2200000 4500
001 157762
005 20231101222004.0
035 |a (RuTPU)RU\TPU\book\171120 
090 |a 157762 
100 |a 20090413d1947 m y0rusy50 ca 
101 0 |a rus 
102 |a RU 
105 |a y z 001zy 
200 1 |a Проблема непосредственного превращения химической энергии топлива в электрическую  |f О. К. Давтян  |g Академия наук Союза ССР, Энергетический институт им. Г. М. Кржижановского 
210 |a Москва  |c Изд-во АН СССР  |d 1947  |a Ленинград 
215 |a 144 с.  |c ил. 
317 |5 63413507: М-133717  |a Поступила в НТБ в 1970 г. в составе книжного собрания профессора ТПИ И. Н. Бутакова 
320 |a Библиогр.: с. 142-143 
606 1 |a Электрическая энергия  |2 stltpush  |3 (RuTPU)RU\TPU\subj\72288  |9 85850 
610 1 |a энергетика 
610 1 |a топливо 
610 1 |a использование 
610 1 |a химическая энергия 
610 1 |a библиотека И. Н. Бутакова 
675 |a 621.31  |v 3 
700 1 |a Давтян  |b О. К. 
712 0 2 |a Академия наук СССР (АН СССР)  |b Энергетический институт им. Г. М. Кржижановского  |c (Москва)  |c (1930-1961)  |2 stltpush  |3 (RuTPU)RU\TPU\col\14865 
801 1 |a RU  |b 63413507  |c 20090413  |g PSBO 
801 2 |a RU  |b 63413507  |c 20190924  |g PSBO 
942 |c BK